Principles and Practice of Declarative Programming International Conference, PPDP'99, Paris, France, September, 29 - October 1, 1999, Proceedings /

Bibliographic Details
Corporate Author: SpringerLink (Online service)
Other Authors: Nadathur, Gopalan (Editor, http://id.loc.gov/vocabulary/relators/edt)
Format: Electronic eBook
Language:English
Published: Berlin, Heidelberg : Springer Berlin Heidelberg : Imprint: Springer, 1999.
Edition:1st ed. 1999.
Series:Lecture Notes in Computer Science, 1702
Subjects:
Online Access:Full Text via HEAL-Link
LEADER 03551nam a2200529 4500
001 978-3-540-48164-5
003 DE-He213
005 20191023201635.0
007 cr nn 008mamaa
008 121227s1999 gw | s |||| 0|eng d
020 |a 9783540481645  |9 978-3-540-48164-5 
024 7 |a 10.1007/10704567  |2 doi 
040 |d GrThAP 
050 4 |a QA76.7-76.73 
050 4 |a QA76.76.C65 
072 7 |a UMX  |2 bicssc 
072 7 |a COM051010  |2 bisacsh 
072 7 |a UMX  |2 thema 
072 7 |a UMC  |2 thema 
082 0 4 |a 005.13  |2 23 
245 1 0 |a Principles and Practice of Declarative Programming  |h [electronic resource] :  |b International Conference, PPDP'99, Paris, France, September, 29 - October 1, 1999, Proceedings /  |c edited by Gopalan Nadathur. 
250 |a 1st ed. 1999. 
264 1 |a Berlin, Heidelberg :  |b Springer Berlin Heidelberg :  |b Imprint: Springer,  |c 1999. 
300 |a X, 442 p.  |b online resource. 
336 |a text  |b txt  |2 rdacontent 
337 |a computer  |b c  |2 rdamedia 
338 |a online resource  |b cr  |2 rdacarrier 
347 |a text file  |b PDF  |2 rda 
490 1 |a Lecture Notes in Computer Science,  |x 0302-9743 ;  |v 1702 
505 0 |a C--: A Portable Assembly Language that Supports Garbage Collection -- On Formalised Proofs of Termination of Recursive Functions -- Argument Filtering Transformation -- A Primitive Calculus for Module Systems -- Non-dependent Types for Standard ML Modules -- Constraint Programming in OPL -- Compiling Constraint Handling Rules into Prolog with Attributed Variables -- Parallel Execution Models for Constraint Programming over Finite Domains -- Functional Plus Logic Programming with Built-In and Symbolic Constraints -- A Calculus for Interaction Nets -- Distributed Programming in a Multi-Paradigm Declarative Language -- Logical and Meta-Logical Frameworks -- A Simple and General Method for Integrating Abstract Interpretation in SICStus -- Run Time Type Information in Mercury -- A Virtual Machine for a Process Calculus -- Optimising Bytecode Emulation for Prolog -- OPENLOG: A Logic Programming Language Based on Abduction -- An Operational Semantics of Starlog -- On the Verification of Finite Failure -- Localizing and Explaining Reasons for Non-terminating Logic Programs with Failure-Slices -- Modular Termination Proofs for Prolog with Tabling -- Declarative Program Transformation: A Deforestation Case-Study -- A Semantic Account of Type-Directed Partial Evaluation -- A Parameterized Unfold/Fold Transformation Framework for Definite Logic Programs -- Widening Sharing. 
650 0 |a Programming languages (Electronic computers). 
650 0 |a Computer logic. 
650 0 |a Computer programming. 
650 1 4 |a Programming Languages, Compilers, Interpreters.  |0 http://scigraph.springernature.com/things/product-market-codes/I14037 
650 2 4 |a Logics and Meanings of Programs.  |0 http://scigraph.springernature.com/things/product-market-codes/I1603X 
650 2 4 |a Programming Techniques.  |0 http://scigraph.springernature.com/things/product-market-codes/I14010 
700 1 |a Nadathur, Gopalan.  |e editor.  |4 edt  |4 http://id.loc.gov/vocabulary/relators/edt 
710 2 |a SpringerLink (Online service) 
773 0 |t Springer eBooks 
776 0 8 |i Printed edition:  |z 9783662211366 
776 0 8 |i Printed edition:  |z 9783540665403 
830 0 |a Lecture Notes in Computer Science,  |x 0302-9743 ;  |v 1702 
856 4 0 |u https://doi.org/10.1007/10704567  |z Full Text via HEAL-Link 
912 |a ZDB-2-SCS 
912 |a ZDB-2-LNC 
912 |a ZDB-2-BAE 
950 |a Computer Science (Springer-11645)